• 首页
  • 本馆介绍
  • 公告通知
  • 最新文献
  • 馆藏检索
  • 电子资源
  • 读者导购
  • 参考咨询
  • 我的图书馆
  • 登录
  • 详细信息显示
  • 放入我的书架
  • 预约/预借图书
  • 作者相关作品
  • 分类相关作品
  • 丛书相关作品
  • 出版社相关作品

书目信息

  • 表格格式
  • 工作单格式
  • 卡片格式
题名:
中国古代文化专题
    
 
作者: 郭人民 , 郑慧生 著
分册:  
出版信息: 开封   河南大学出版社  2003
页数: 483页
开本: 20cm
丛书名:
单 册:
中图分类: K220.3
科图分类:
主题词: 文化史--研究--中国--古代 , 文化史
电子资源:
ISBN: 7-81041-987-0
000 00848nam0 2200253 450
001 002410612
005 20070727165535.50
010    @a7-81041-987-0@dCNY28.00
100    @a20030716d2003 emky0chiy0110 ea
101 0  @achi
102    @aCN@b410000
105    @ay z 000yy
200 1  @a中国古代文化专题@Azhong guo gu dai wen hua zhuan ti@f郭人民,郑慧生著
210    @a开封@c河南大学出版社@d2003
215    @a483页@d20cm
300    @a本书获河南大学学术著作和教材出版基金资助
330    @a本书讨论的有关中国古代文化的问题包括:释“文化”,中华民谣源出一家论,中国古代天文历法学的建立及其发展等。
606 0  @a文化史@x研究@y中国@z古代
606 0  @a文化史
690    @aK220.3@v4
701  0 @a郭人民@Aguo ren min@f(?~1986.1)@4著
701  0 @a郑慧生@Azheng hui sheng@f(1937~)@4著
801  0 @aCN@bNLC@c20070727
905    @a10447@dK220.3@e50
    
    中国古代文化专题/郭人民,郑慧生著.-开封:河南大学出版社,2003
    483页;20cm
    本书获河南大学学术著作和教材出版基金资助
    
    ISBN 7-81041-987-0:CNY28.00
    本书讨论的有关中国古代文化的问题包括:释“文化”,中华民谣源出一家论,中国古代天文历法学的建立及其发展等。
●
相关链接 在E读中查询图书 在五车中查询图书 在当当中查询图书 在豆瓣中查询图书


正题名:中国古代文化专题     索取号:K220.3/50         预约/预借

序号 登录号 条形码 馆藏地/架位号 状态 备注
1 0784771   207847712   第二样本阅览室/ [索取号:K220.3/50] 在馆    
2 0784772   207847721   第二借阅区/ [索取号:K220.3/50] 在馆    
3 0784773   207847730   第二借阅区/ [索取号:K220.3/50] 在馆    
4 0784774   207847749   第二借阅区/ [索取号:K220.3/50] 在馆    
5 0785002   207850020   第二借阅区/ [索取号:K220.3/50] 在馆    
唐山师范学院图书馆 欢迎您!
大连网信软件有限公司© 版权所有